[Event "Hessen-chB"]
[Site "Frankfurt"]
[Date "2018.05.11"]
[Round "3"]
[White "Lopez, Victor"]
[Black "Ross, Norbert"]
[Result "0-1"]
[WhiteElo "1689"]
[BlackElo "1804"]
[PlyCount "34"]
[EventDate "2018.05.10"]
[EventType "swiss"]
[EventRounds "7"]
[EventCountry "GER"]
[SourceTitle "EXT 2019"]
[Source "ChessBase"]
[SourceDate "2018.10.10"]
[SourceVersion "1"]
[SourceVersionDate "2018.10.10"]
[SourceQuality "1"]

1. e4 e6 2. d4 d5 3. exd5 exd5 4. Nf3 Nc6 5. c3 Bd6 6. Bg5 f6 7. Bh4 Bg4 8. Bg3 Bxg3 9. hxg3 Qd7 10. Be2 0-0-0 11. 0-0 h5 12. b4 Re8 13. Re1 Nge7 14. Nbd2 Nf5 15. Nh2 Nd6 16. Nxg4 hxg4 17. Bxg4 Rxe1+ 0-1

[Event "Rhein Main op-B 20th"]
[Site "Bad Homburg"]
[Date "2017.06.14"]
[Round "1"]
[White "Doll, Rebecca"]
[Black "Ross, Norbert"]
[Result "1/2-1/2"]
[WhiteElo "1527"]
[BlackElo "1826"]
[PlyCount "68"]
[EventDate "2017.06.14"]
[EventType "swiss"]
[EventRounds "7"]
[EventCountry "GER"]
[SourceTitle "EXT 2018"]
[Source "ChessBase"]
[SourceDate "2017.10.13"]
[SourceVersion "1"]
[SourceVersionDate "2017.10.13"]
[SourceQuality "1"]

1. e4 e6 2. d4 d5 3. Nd2 Nf6 4. e5 Nfd7 5. Bd3 c5 6. c3 Nc6 7. Ne2 cxd4 8. cxd4 f6 9. exf6 Nxf6 10. 0-0 Bd6 11. Nf3 0-0 12. Bf4 Bxf4 13. Nxf4 Ne4 14. Ne2 Rxf3 15. gxf3 Ng5 16. Kh1 Nxf3 17. Bxh7+ Kh8 18. Qd3 Qh4 19. Qxf3 Kxh7 20. Qd3+ Kh8 21. Rg1 e5 22. dxe5 Bg4 23. Rg3 Rf8 24. Qe3 Rf5 25. f4 Rh5 26. Rg2 Ne7 27. Ng3 Rh6 28. Rf1 Bh3 29. Rff2 Bxg2+ 30. Rxg2 Qh3 31. Qxa7 Ng6 32. Qe3 Nh4 33. Rf2 d4 34. Qd2 Qxg3 1/2-1/2

[Event "Wiesbaden op 27th"]
[Site "Wiesbaden"]
[Date "2015.08.30"]
[Round "7"]
[White "Ross, Norbert"]
[Black "Muetsch, Annmarie"]
[Result "0-1"]
[WhiteElo "1772"]
[BlackElo "1914"]
[PlyCount "62"]
[EventDate "2015.08.27"]
[EventType "swiss"]
[EventRounds "7"]
[EventCountry "GER"]
[SourceTitle "EXT 2016"]
[Source "ChessBase"]
[SourceDate "2015.10.08"]
[SourceVersion "1"]
[SourceVersionDate "2015.10.08"]
[SourceQuality "1"]

1. d4 Nf6 2. c4 e6 3. Nc3 Bb4 4. e3 b6 5. Nge2 Ne4 6. Qc2 Bb7 7. a3 Bxc3+ 8. Nxc3 f5 9. Bd3 Nxc3 10. Qxc3 0-0 11. 0-0 d6 12. b4 Qh4 13. f3 Rf6 14. Qe1 Qh5 15. e4 fxe4 16. Bxe4 Bxe4 17. Qxe4 d5 18. cxd5 exd5 19. Qe5 Qf7 20. Bg5 Nc6 21. Qe3 Re8 22. Qc3 Rfe6 23. Rac1 Qf5 24. Bh4 Qf4 25. Bg3 Qf6 26. Be5 Nxe5 27. dxe5 Rxe5 28. Qxc7 Re2 29. Rc2 Qd4+ 30. Kh1 Qf2 31. Qg3 Qxf1# 0-1

[Event "Rhein Main op-B 17th"]
[Site "Bad Homburg"]
[Date "2014.06.18"]
[Round "1"]
[White "Lehmann, Tim"]
[Black "Ross, Norbert"]
[Result "0-1"]
[WhiteElo "1191"]
[BlackElo "1744"]
[PlyCount "48"]
[EventDate "2014.06.18"]
[EventType "swiss"]
[EventRounds "9"]
[EventCountry "GER"]
[SourceTitle "CBM 161 Extra"]
[Source "ChessBase"]
[SourceDate "2014.08.29"]
[SourceVersion "1"]
[SourceVersionDate "2014.08.29"]
[SourceQuality "1"]

1. d4 d5 2. Bf4 Nf6 3. e3 c5 4. c3 Nc6 5. Bd3 Qb6 6. Qc2 cxd4 7. cxd4 Bd7 8. b3 Rc8 9. Qb2 Nb4 10. Kd2 Nxd3 11. Kxd3 Ne4 12. Ke2 e6 13. Kf3 g5 14. Bg3 h5 15. Nd2 g4+ 16. Ke2 Bb5+ 17. Ke1 Bb4 18. Rd1 Bd3 19. f3 Nxd2 20. Rxd2 Rc2 21. Qa1 Rxd2 22. a3 Ra2+ 23. axb4 Qxb4+ 24. Kd1 Rxa1# 0-1

[Event "Rhein Main op-B 16th"]
[Site "Bad Homburg"]
[Date "2013.05.29"]
[Round "1"]
[White "Ross, Norbert"]
[Black "Tychyna, Violetta"]
[Result "1-0"]
[WhiteElo "1734"]
[BlackElo "1018"]
[PlyCount "89"]
[EventDate "2013.05.29"]
[EventType "swiss"]
[EventRounds "7"]
[EventCountry "GER"]
[SourceTitle "EXT 2014"]
[Source "ChessBase"]
[SourceDate "2013.11.20"]
[SourceVersion "1"]
[SourceVersionDate "2013.11.20"]
[SourceQuality "1"]

1. d4 d5 2. c4 dxc4 3. Nf3 Nf6 4. e3 b5 5. a4 Bd7 6. b3 e6 7. axb5 Bb4+ 8. Bd2 Bxd2+ 9. Nfxd2 Bxb5 10. bxc4 Bc6 11. Nf3 0-0 12. Nc3 Ne4 13. Nxe4 Bxe4 14. Bd3 Bxd3 15. Qxd3 Nc6 16. 0-0 Qf6 17. Qe4 Ne7 18. Qb7 c6 19. Rxa7 Rxa7 20. Qxa7 Nc8 21. Qc5 Ne7 22. e4 Rb8 23. e5 Qg6 24. Qxe7 h6 25. h3 Rb3 26. Qe8+ Kh7 27. Qxc6 f6 28. exf6 gxf6 29. Qxe6 Rxf3 30. Qd7+ Kh8 31. Qc8+ Kh7 32. Qb7+ Kh8 33. Qxf3 Kg7 34. Qg3 Qxg3 35. fxg3 Kf7 36. Re1 Kg7 37. c5 Kf7 38. c6 Kg6 39. c7 h5 40. h4 Kf5 41. c8Q+ Kg6 42. Qf8 Kf5 43. d5 Kg4 44. Qg7+ Kf5 45. Rf1+ 1-0

[Event "Hofheim Spring op-B 1st"]
[Site "Hofheim"]
[Date "2013.04.06"]
[Round "8"]
[White "Wachsmann, Dietmar"]
[Black "Ross, Norbert"]
[Result "1-0"]
[WhiteElo "1642"]
[BlackElo "1777"]
[PlyCount "65"]
[EventDate "2013.04.02"]
[EventType "swiss"]
[EventRounds "9"]
[EventCountry "GER"]
[SourceTitle "EXT 2018"]
[Source "ChessBase"]
[SourceDate "2017.10.13"]
[SourceVersion "1"]
[SourceVersionDate "2017.10.13"]
[SourceQuality "1"]

1. e4 e6 2. d3 d5 3. Nd2 c5 4. Ngf3 Nc6 5. Be2 Bd6 6. 0-0 Nge7 7. Re1 0-0 8. Bf1 Qc7 9. g3 Bd7 10. Bg2 d4 11. Nc4 e5 12. Nh4 b5 13. Nxd6 Qxd6 14. f4 f6 15. f5 c4 16. Nf3 Kh8 17. g4 cxd3 18. cxd3 Rac8 19. h4 Nb4 20. Re2 Rc7 21. a3 Qa6 22. g5 Rfc8 23. Ne1 Nbc6 24. Rf2 Qb6 25. Qh5 Be8 26. g6 Bxg6 27. fxg6 Nxg6 28. Qg4 Na5 29. Bd2 Nb3 30. Rd1 Nxd2 31. Rdxd2 Rc1 32. Rd1 Rxd1 33. Qxc8+ 1-0

[Event "Rhein Main op 12th"]
[Site "Bad Homburg"]
[Date "2009.06.14"]
[Round "7"]
[White "Herrmann, Matthias"]
[Black "Ross, Norbert"]
[Result "1/2-1/2"]
[WhiteElo "1563"]
[BlackElo "1460"]
[PlyCount "55"]
[EventDate "2009.06.10"]
[EventType "swiss"]
[EventRounds "7"]
[EventCountry "GER"]
[SourceTitle "CBM 131 Extra"]
[Source "ChessBase"]
[SourceDate "2009.09.03"]
[SourceVersion "2"]
[SourceVersionDate "2009.09.16"]
[SourceQuality "1"]

1. f4 d5 2. Nf3 Nf6 3. e3 g6 4. b3 Bg7 5. Bb2 0-0 6. Be2 c5 7. 0-0 b6 8. Na3 Ba6 9. Bxa6 Nxa6 10. Qe2 Qc8 11. Ne5 Nd7 12. d4 Nb4 13. c4 Nxe5 14. fxe5 a6 15. cxd5 Nxd5 16. Nc4 b5 17. e4 cxd4 18. exd5 bxc4 19. bxc4 Qc5 20. Qd3 Bxe5 21. Rfd1 Rfc8 22. Rac1 e6 23. Bxd4 Bxd4+ 24. Qxd4 exd5 25. Qxc5 Rxc5 26. Rxd5 Rxd5 27. cxd5 Rd8 28. Rd1 1/2-1/2

[Event "Rhein Main op 12th"]
[Site "Bad Homburg"]
[Date "2009.06.13"]
[Round "5"]
[White "Ewin, Hans Peter"]
[Black "Ross, Norbert"]
[Result "1-0"]
[WhiteElo "1898"]
[BlackElo "1460"]
[PlyCount "57"]
[EventDate "2009.06.10"]
[EventType "swiss"]
[EventRounds "7"]
[EventCountry "GER"]
[SourceTitle "CBM 131 Extra"]
[Source "ChessBase"]
[SourceDate "2009.09.03"]
[SourceVersion "2"]
[SourceVersionDate "2009.09.16"]
[SourceQuality "1"]

1. e4 e6 2. d4 d5 3. Nc3 Nf6 4. Bg5 Be7 5. e5 Nfd7 6. h4 0-0 7. Qg4 f6 8. Bh6 Rf7 9. Nxd5 fxe5 10. Nxe7+ Qxe7 11. 0-0-0 Qf6 12. Bg5 Qxf2 13. Nf3 Nf6 14. Bxf6 Qe3+ 15. Kb1 Rxf6 16. dxe5 Rf8 17. Bc4 Qh6 18. Ng5 Nc6 19. Rhf1 Rxf1 20. Rxf1 Nxe5 21. Qd4 Nc6 22. Qf4 Qf6 23. Qxc7 Qe7 24. Qg3 Bd7 25. Rf7 Qe8 26. Rxg7+ Kxg7 27. Nxe6+ Kf6 28. Qg5+ Kf7 29. Qg7# 1-0